Inazuma Eleven 1 Royal Academy - Statistics

Statistiche generali
  • Questo quiz è stato fatto 13 volte
  • Il punteggio medio è 5 su 7
Statistiche sulle risposte
Risposta % Corretto
Pinguino imperatore n 2 / Pinguino imperatore numero 2
91%
Barriera di forza
82%
Zona Micidiale
82%
Super Barriera di forza
64%
Calcio Gemello
55%
Tiro dai cento calci
55%
Ciclone
36%
Nessun quiz corrispondente trovato
Distribuzione punteggi
Percentuale di utenti per punteggio
Percentile per numero di risposta
I tuoi punteggi nel tempo
Non hai fatto questo quiz